[Event "TUR-chT 1st League"]
[Site "Konya"]
[Date "2019.07.25"]
[Round "6.5"]
[White "Ozgur, Isa"]
[Black "Basara, Arda"]
[Result "1-0"]
[WhiteElo "2046"]
[BlackElo "1804"]
[PlyCount "117"]
[EventDate "2019.07.22"]
[EventType "team-swiss"]
[EventRounds "9"]
[EventCountry "TUR"]
[SourceTitle "CBM 191 Extra"]
[Source "ChessBase"]
[SourceDate "2019.09.30"]
[SourceVersion "1"]
[SourceVersionDate "2019.09.30"]
[SourceQuality "1"]
[WhiteTeam "Bulancak Ihsaniye Genclik"]
[BlackTeam "Olbia Satranc"]
[WhiteTeamCountry "TUR"]
[BlackTeamCountry "TUR"]

1. c4 c6 2. Nf3 Nf6 3. d4 d5 4. e3 e6 5. b3 Nbd7 6. Bb2 Be7 7. Bd3 0-0 8. Nc3 b6 9. 0-0 Bb7 10. Qc2 c5 11. Ne5 g6 12. Rad1 cxd4 13. exd4 Rc8 14. Qe2 Qc7 15. Rfe1 Rfe8 16. Nb5 Qb8 17. a3 Qa8 18. f4 a6 19. Nc3 dxc4 20. bxc4 Nxe5 21. fxe5 Nh5 22. Rf1 b5 23. c5 Bg5 24. Be4 f5 25. exf6 Nxf6 26. Bxb7 Qxb7 27. Qe5 h6 28. Rxf6 Bxf6 29. Qxf6 Kh7 30. Qe5 Qg7 31. Qxg7+ Kxg7 32. Ne4 Red8 33. d5+ Kf7 34. d6 Rc6 35. Rf1+ Ke8 36. Nf6+ Kf7 37. Nd5+ Ke8 38. Nc7+ Kd7 39. Rf7+ Kc8 40. Nxe6 Rd7 41. Rf8+ Kb7 42. Nd8+ Rxd8 43. Rxd8 Rxc5 44. Bf6 Rd5 45. Be7 a5 46. Rd7+ Kc6 47. Rc7+ Kb6 48. Kf2 b4 49. axb4 axb4 50. Ke3 b3 51. Rc1 Kb5 52. Ke4 Rd2 53. Ke5 Ka4 54. Ke6 Re2+ 55. Kf7 Rf2+ 56. Ke8 b2 57. Rb1 Kb3 58. d7 Ka2 59. Rxb2+ 1-0

[Event "EU-ch U16 28th"]
[Site "Riga"]
[Date "2018.08.21"]
[Round "2"]
[White "Ozgur, Isa"]
[Black "Papadopoulos, Dimitrios Ath"]
[Result "1-0"]
[WhiteElo "2020"]
[BlackElo "1618"]
[PlyCount "95"]
[EventDate "2018.08.20"]
[EventType "swiss"]
[EventRounds "9"]
[EventCountry "LAT"]
[SourceTitle "CBM 186 Extra"]
[Source "ChessBase"]
[SourceDate "2018.08.24"]
[SourceVersion "1"]
[SourceVersionDate "2018.08.24"]
[SourceQuality "1"]

1. d4 Nf6 2. c4 e6 3. g3 b6 4. Bg2 d5 5. cxd5 exd5 6. Nf3 Bd6 7. 0-0 0-0 8. Nc3 Bb7 9. Nb5 Nc6 10. a3 Ne7 11. Nxd6 cxd6 12. Nh4 Qd7 13. Qd3 Rac8 14. Bg5 Ne4 15. Bxe7 Qxe7 16. f3 Nf6 17. Nf5 Qd8 18. e4 Re8 19. Rae1 Qc7 20. Rf2 h6 21. Rfe2 Nd7 22. exd5 Rxe2 23. Rxe2 Qc4 24. Qxc4 Rxc4 25. Bf1 Rc1 26. Kg2 Nf6 27. Nxd6 Bxd5 28. Ne4 Rd1 29. Rd2 Rxd2+ 30. Nxd2 Ng4 31. Kg1 Ne3 32. Bd3 Nd1 33. b3 Nc3 34. Kf2 Na2 35. Ke1 Nc1 36. Bc2 b5 37. Kd1 Na2 38. Be4 Nc3+ 39. Kc2 Nxe4 40. fxe4 Bb7 41. Kc3 a5 42. a4 bxa4 43. bxa4 Ba6 44. d5 Kf8 45. Kd4 Ke7 46. e5 f6 47. e6 Kd6 48. Ne4+ 1-0

[Event "TUR-chT 2nd League"]
[Site "Konya"]
[Date "2017.07.18"]
[Round "2.5"]
[White "Ozgur, Isa"]
[Black "Ozcelik, Ozan"]
[Result "1-0"]
[WhiteElo "1904"]
[BlackElo "1659"]
[PlyCount "85"]
[EventDate "2017.07.17"]
[EventType "team-swiss"]
[EventRounds "9"]
[EventCountry "TUR"]
[SourceTitle "CBM 179 Extra"]
[Source "ChessBase"]
[SourceDate "2017.08.23"]
[SourceVersion "1"]
[SourceVersionDate "2017.08.23"]
[SourceQuality "1"]
[WhiteTeam "Mugla Ortaca Belediye"]
[BlackTeam "Samsun Gercek"]
[WhiteTeamCountry "TUR"]
[BlackTeamCountry "TUR"]

1. d4 Nf6 2. c4 e6 3. g3 d5 4. Nf3 Be7 5. Bg2 0-0 6. 0-0 c6 7. Qc2 Ne4 8. Nbd2 f5 9. Ne1 Bf6 10. Ndf3 Nd7 11. Nd3 g5 12. Nfe5 Nd6 13. c5 Nf7 14. f4 g4 15. Bd2 Kg7 16. b4 h5 17. a4 h4 18. Rfb1 Rh8 19. Kf2 Be7 20. b5 Nfxe5 21. dxe5 Qf8 22. Be3 a5 23. Rb3 hxg3+ 24. hxg3 Rh2 25. Rbb1 Qd8 26. Rh1 Rxh1 27. Rxh1 cxb5 28. axb5 Qc7 29. Rc1 Nf8 30. Nb2 Bd7 31. Qb3 Rc8 32. Na4 Be8 33. Bd4 Nd7 34. c6 Nf8 35. Bb6 Qb8 36. c7 Qa8 37. Bd4 Nd7 38. e3 Bg6 39. Bxd5 exd5 40. e6+ Nf6 41. Nb6 a4 42. Qc3 Rxc7 43. Bxf6+ 1-0

[Event "Kesan op 14th"]
[Site "Kesan"]
[Date "2016.08.18"]
[Round "8"]
[White "Ozgur, Isa"]
[Black "Daghan, Devran"]
[Result "1-0"]
[WhiteElo "1751"]
[BlackElo "1969"]
[PlyCount "97"]
[EventDate "2016.08.14"]
[EventType "swiss"]
[EventRounds "9"]
[EventCountry "TUR"]
[SourceTitle "CBM 173 Extra"]
[Source "ChessBase"]
[SourceDate "2016.08.29"]
[SourceVersion "1"]
[SourceVersionDate "2016.08.29"]
[SourceQuality "1"]

1. Nf3 Nf6 2. g3 d5 3. Bg2 e6 4. d3 Be7 5. Nbd2 c5 6. e4 Nc6 7. 0-0 dxe4 8. dxe4 Qc7 9. Re1 e5 10. c3 h6 11. Nh4 g6 12. Nc4 Be6 13. Ne3 Rd8 14. Qe2 a6 15. b3 Qa5 16. Bb2 0-0 17. Qc2 Kh7 18. a3 Qb6 19. c4 Nd4 20. Bxd4 exd4 21. Nd5 Bxd5 22. cxd5 Nd7 23. e5 Bxh4 24. gxh4 Rfe8 25. f4 h5 26. Qc4 Kg7 27. Rac1 Qa5 28. b4 cxb4 29. Qxb4 Qxb4 30. axb4 Rc8 31. Rxc8 Rxc8 32. Bh3 Rd8 33. d6 Nb6 34. Rd1 Nd5 35. Rxd4 Ne3 36. Kf2 Ng4+ 37. Bxg4 hxg4 38. Kg3 Ra8 39. Kxg4 b6 40. h5 gxh5+ 41. Kxh5 a5 42. bxa5 bxa5 43. Ra4 Ra6 44. d7 Ra8 45. Rxa5 Rd8 46. Rd5 Kf8 47. Kg5 Ke7 48. Kf5 f6 49. e6 1-0

[Event "TUR-ch U20"]
[Site "Canakkale"]
[Date "2016.06.30"]
[Round "6"]
[White "Sari, Yasin"]
[Black "Ozgur, Isa"]
[Result "1-0"]
[WhiteElo "2120"]
[BlackElo "1722"]
[PlyCount "77"]
[EventDate "2016.06.27"]
[EventType "swiss"]
[EventRounds "9"]
[EventCountry "TUR"]
[SourceTitle "CBM 173 Extra"]
[Source "ChessBase"]
[SourceDate "2016.08.29"]
[SourceVersion "1"]
[SourceVersionDate "2016.08.29"]
[SourceQuality "1"]

1. e4 c5 2. Nf3 a6 3. c3 e6 4. d4 d5 5. e5 Nc6 6. Bd3 b5 7. 0-0 Qb6 8. dxc5 Bxc5 9. b4 Bf8 10. a4 bxa4 11. Rxa4 Bb7 12. Qe2 d4 13. b5 axb5 14. Rxa8+ Bxa8 15. Bxb5 dxc3 16. Nxc3 Bb4 17. Be3 Qb7 18. Na2 Ba5 19. Nd4 Nge7 20. Rc1 Qc7 21. Qf3 0-0 22. Bxc6 Nxc6 23. Nxc6 Kh8 24. Nxa5 Qxc1+ 25. Nxc1 Bxf3 26. gxf3 f6 27. f4 Kg8 28. Nc6 Kf7 29. Nd4 g5 30. fxg5 fxg5 31. Kf1 h6 32. Nd3 Rc8 33. Ke2 Rc4 34. Kf3 Rc3 35. Ke4 Rc4 36. h3 Rc3 37. f4 gxf4 38. Nxf4 Rc4 39. Nfxe6 1-0

[Event "TUR-ch U20"]
[Site "Canakkale"]
[Date "2016.06.29"]
[Round "4"]
[White "Gur, Tuba"]
[Black "Ozgur, Isa"]
[Result "1/2-1/2"]
[WhiteElo "1596"]
[BlackElo "1722"]
[PlyCount "120"]
[EventDate "2016.06.27"]
[EventType "swiss"]
[EventRounds "9"]
[EventCountry "TUR"]
[SourceTitle "CBM 173 Extra"]
[Source "ChessBase"]
[SourceDate "2016.08.29"]
[SourceVersion "1"]
[SourceVersionDate "2016.08.29"]
[SourceQuality "1"]

1. d4 Nf6 2. Nf3 e6 3. c4 b6 4. Nc3 Bb4 5. Bg5 h6 6. Bxf6 Qxf6 7. e4 Bxc3+ 8. bxc3 d6 9. Qa4+ Bd7 10. Qc2 Nc6 11. Bd3 e5 12. d5 Na5 13. 0-0 g5 14. Qe2 Bg4 15. h3 Bxf3 16. Qxf3 Qxf3 17. gxf3 Ke7 18. Kg2 Rag8 19. Kg3 Nb7 20. Rg1 Nc5 21. Bc2 h5 22. h4 f6 23. Kh3 Rg7 24. Rg3 Rhg8 25. Rag1 Nd7 26. Bd1 Nf8 27. a3 Rg6 28. R3g2 Kf7 29. f4 g4+ 30. Kg3 exf4+ 31. Kxf4 R6g7 32. f3 Ng6+ 33. Ke3 Ne5 34. Be2 gxf3 35. Rxg7+ Rxg7 36. Rxg7+ Kxg7 37. Bxf3 Nxc4+ 38. Kf4 Nxa3 39. Bxh5 b5 40. Ke3 a5 41. Be8 b4 42. cxb4 axb4 43. Kd3 Kh6 44. h5 b3 45. Kc3 Nc4 46. Kxb3 Nd2+ 47. Kb4 Nxe4 48. Kb5 f5 49. Bg6 Nf6 50. Kc6 f4 51. Kxc7 Nxh5 52. Be4 Ng3 53. Bd3 Nh5 54. Kxd6 Kg5 55. Ke5 Nf6 56. d6 Nd7+ 57. Ke6 Nc5+ 58. Kd5 Nd7 59. Bb5 Nf6+ 60. Ke5 f3 1/2-1/2

[Event "TUR-ch U20"]
[Site "Canakkale"]
[Date "2016.06.28"]
[Round "2"]
[White "Olcum, Ahmet"]
[Black "Ozgur, Isa"]
[Result "1-0"]
[WhiteElo "2072"]
[BlackElo "1722"]
[PlyCount "83"]
[EventDate "2016.06.27"]
[EventType "swiss"]
[EventRounds "9"]
[EventCountry "TUR"]
[SourceTitle "CBM 173 Extra"]
[Source "ChessBase"]
[SourceDate "2016.08.29"]
[SourceVersion "1"]
[SourceVersionDate "2016.08.29"]
[SourceQuality "1"]

1. e4 c5 2. Nc3 Nc6 3. g3 g6 4. Bg2 Bg7 5. d3 d6 6. Be3 Rb8 7. Qd2 b5 8. f4 b4 9. Nd1 Qb6 10. Nf3 Nh6 11. h3 f5 12. 0-0 0-0 13. Re1 a5 14. a4 Bb7 15. c3 Nd8 16. Bf2 e6 17. Ne3 bxc3 18. bxc3 Qb3 19. e5 Bxf3 20. Bxf3 dxe5 21. fxe5 Bxe5 22. Nc4 Bxc3 23. Qxh6 Bxa1 24. Rxa1 Qxd3 25. Ne5 Qc3 26. Re1 Nf7 27. Nxf7 Rxf7 28. Bc6 f4 29. g4 Qf6 30. Bb5 Rc8 31. Bc4 Rc6 32. Rd1 g5 33. Qxf6 Rxf6 34. Rd8+ Rf8 35. Rd7 Rf7 36. Rd8+ Rf8 37. Rd1 Kg7 38. Be1 e5 39. Bxa5 e4 40. Rd7+ Kg6 41. Bd5 Rcf6 42. Bxe4+ 1-0

[Event "Kesan op 11th"]
[Site "Edirne"]
[Date "2013.08.30"]
[Round "7"]
[White "Hajiyev, Shahin Qabil"]
[Black "Ozgur, Isa"]
[Result "1-0"]
[WhiteElo "2113"]
[BlackElo "1507"]
[PlyCount "75"]
[EventDate "2013.08.26"]
[EventType "swiss"]
[EventRounds "9"]
[EventCountry "TUR"]
[SourceTitle "CBM 156 Extra"]
[Source "ChessBase"]
[SourceDate "2013.10.22"]
[SourceVersion "1"]
[SourceVersionDate "2013.10.22"]
[SourceQuality "1"]

1. d4 Nf6 2. c4 g6 3. Nc3 Bg7 4. e4 d6 5. f3 e5 6. d5 Nbd7 7. Be3 b6 8. b4 a5 9. a3 0-0 10. Bd3 Re8 11. Nge2 h6 12. 0-0 Kh7 13. Qd2 Ng8 14. g4 Qe7 15. Ng3 Nf8 16. Ra2 Bf6 17. c5 axb4 18. axb4 Rxa2 19. Qxa2 bxc5 20. bxc5 Bh4 21. Qa7 Bxg3 22. hxg3 h5 23. g5 dxc5 24. Qxc5 Qd7 25. Rf2 Qd8 26. Bf1 Nd7 27. Qa5 Nb6 28. Nb5 Nd7 29. Qxc7 Qxc7 30. Nxc7 Rd8 31. Ra2 Nb8 32. Ra8 Bb7 33. Ra7 Bc8 34. Nb5 Kg7 35. Na3 Nd7 36. Bb5 Nb8 37. Bb6 Rd6 38. Bc7 1-0